Wszystkie powiaty w województwach na Ś - Statystyki

Ogólne statystyki
  • Ten quiz został rozwiązany 24 razy
  • Średni wynik to 40 z 50
Statystyki odpowiedzi
Województwo Powiat % Poprawnych
kielecki
100%
świętokrzyskie Kielce
95%
śląskie Katowice
91%
sandomierski
91%
Sosnowiec
91%
Bielsko-Biała
86%
Bytom
86%
Częstochowa
86%
Gliwice
86%
gliwicki
86%
ostrowiecki
86%
Piekary Śląskie
86%
Ruda Śląska
86%
Rybnik
86%
Zabrze
86%
bielski
82%
Chorzów
82%
Dąbrowa Górnicza
82%
konecki
82%
Mysłowice
82%
Siemianowice Śląskie
82%
skarżyski
82%
staszowski
82%
Tychy
82%
włoszczowski
82%
Żory
82%
żywiecki
82%
będziński
77%
bieruńsko-lędziński
77%
buski
77%
częstochowski
77%
Jaworzno
77%
jędrzejowski
77%
opatowski
77%
pińczowski
77%
rybnicki
77%
starachowicki
77%
Świętochłowice
77%
wodzisławski
77%
Jastrzębie-Zdrój
73%
kłobucki
73%
lubliniecki
73%
myszkowski
73%
raciborski
73%
tarnogórski
73%
zawierciański
73%
cieszyński
68%
kazimierski
68%
mikołowski
68%
pszczyński
64%
Nie znaleziono quizów pasujących do podanych kryteriów
Rozkład punktacji
Procent ludzi z każdym wynikiem
Percentyl według liczby udzielonych odpowiedzi
Twoja historia wyników
Nie rozwiązałeś tego quizu